[Event "Porz op 28th"]
[Site "Cologne"]
[Date "1992.??.??"]
[Round "8"]
[White "Szypulski, Andrzej"]
[Black "Miezis, Normunds"]
[Result "0-1"]
[WhiteElo "2395"]
[BlackElo "2360"]
[Annotator "Bulletin"]
[PlyCount "106"]
[EventDate "1992.??.??"]
[EventType "swiss"]
[EventRounds "9"]
[EventCountry "GER"]
[SourceTitle "TD"]
[Source "ChessBase"]
[SourceDate "1994.03.01"]
[SourceVersion "1"]
[SourceVersionDate "1994.03.01"]
[SourceQuality "1"]

1. d4 Nf6 2. c4 c5 3. d5 e6 4. Nc3 exd5 5. cxd5 Bd6 6. g3 Bc7 7. Bg2 d6 8. Nf3
O-O 9. O-O a6 10. a4 Nbd7 11. Qc2 Rb8 12. Nh4 Re8 13. b3 Nf8 14. Bb2 Bd7 15.
Rac1 b5 16. axb5 axb5 17. Nd1 Ng6 18. Nxg6 hxg6 19. e4 Bb6 20. h3 Qe7 21. Kh2
Rbc8 22. f3 c4 23. b4 Nh5 24. f4 Kh7 25. Bf3 Rh8 26. Bxh5 Kg8 27. Qc3 f6 28.
Qf3 Rxh5 29. g4 Rh7 30. Nc3 Kf7 31. Kg2 Rch8 32. Rh1 Re8 33. Rce1 Kg8 34. Re2
g5 35. f5 Kf7 36. Nb1 Ra8 37. Nc3 Rhh8 38. Ra1 Bd4 39. Ree1 Rhb8 40. Red1 Be5
41. Qe3 Qd8 42. Qf2 Qc7 43. Qg1 g6 44. fxg6+ Kxg6 45. Rf1 Rxa1 46. Rxa1 Rh8 47.
Qf2 Bxg4 48. Nxb5 Bxh3+ 49. Kg1 Qd7 50. Bxe5 dxe5 51. Ra3 Qg4+ 52. Qg3 Qd1+ 53.
Kf2 Qf1+ (53... Qf1+ 54. Ke3 Bd7 $19) 0-1

[Event "FIDE World Cup"]
[Site "Tromsoe"]
[Date "2013.08.18"]
[Round "3.2"]
[White "Tomashevsky, Evgeny"]
[Black "Aronian, Levon"]
[Result "1/2-1/2"]
[WhiteElo "2706"]
[BlackElo "2813"]
[Annotator "CB"]
[PlyCount "73"]
[EventDate "2013.08.11"]
[EventType "k.o."]
[EventRounds "7"]
[EventCountry "NOR"]
[SourceTitle "CBM 156"]
[Source "ChessBase"]
[SourceDate "2013.09.17"]
[SourceVersion "1"]
[SourceVersionDate "2013.09.17"]
[SourceQuality "1"]

1. d4 Nf6 2. c4 e6 3. Nf3 c5 4. d5 exd5 5. cxd5 Bd6 6. Nc3 O-O 7. g3 ({Am
meisten wird} 7. Bg5 {gezogen:} Re8 8. e3 a6 (8... h6 9. Bh4 a6) 9. Bd3 Bf8 10.
d6 h6 11. Bh4 b5 12. a4 g5 13. Bg3 b4 14. Nb1 Nc6 15. Nbd2 Bg7 16. Nc4 Bb7 17.
h4 Ne4 18. Bxe4 Rxe4 19. Nfd2 Re6 20. hxg5 hxg5 21. Qc2 Rc8 22. O-O-O b3 23.
Qh7+ Kf8 24. Nxb3 Nb4 25. f3 Bd5 26. Nba5 Qf6 27. e4 Na2+ 28. Kc2 Rb8 29. e5
Qd8 30. f4 gxf4 31. Bh4 Qe8 32. Rdf1 Rxe5 33. Nxe5 Rxb2+ 34. Kd1 Nc3+ 35. Kc1
Na2+ 36. Kd1 Nc3+ 37. Kc1 Na2+ 38. Kd1 {1/2-1/2 (38) Giri,A (2714)-Karjakin,S 
(2763) Beijing 2011}) 7... Bc7 8. d6 {Mit diesem prinzipiellen Zug hat Weiß
gute Ergebnisse erzielt.} Ba5 9. Bg2 Ne4 10. O-O Nxc3 (10... Bxc3 11. bxc3 Qf6
12. Bf4 Re8 13. Qd3 Nc6 14. Nd2 Nxd2 15. Bxd2 b6 16. f4 a5 17. Rfe1 Ba6 18. c4
Rac8 19. Bc3 Qg6 20. a3 Nd4 21. Bxd4 cxd4 22. Qxd4 Bxc4 23. e4 b5 24. Rac1 a4
25. Rc3 Qe6 26. Rec1 f6 27. Qd2 Kh8 28. Re3 Bb3 29. Rxc8 Rxc8 30. e5 h6 31. Rc3
Bc4 32. Qd4 fxe5 33. fxe5 Re8 34. Re3 Rf8 35. Rf3 Re8 36. Re3 Rf8 37. h3 Qg6
38. Be4 Qh5 39. Bg2 Qg6 40. Be4 Qh5 41. Bg2 Qg6 42. Be4 Qh5 {1/2-1/2 (42)
Aronian,L (2786)-Gashimov,V (2758) Moscow 2009}) 11. bxc3 Bxc3 12. Bg5 (12. Rb1
Nc6 13. Qd3 Bf6 14. Nd2 g6 15. Ne4 $14) 12... Bf6 13. Qd5 Na6 14. Rac1 Rb8 15.
Qf5 b5 16. e4 Bxg5 17. Nxg5 g6 18. Qg4 f6 19. Nxh7 $1 {Weiß möchte sein
Übergwicht am Königsflügel zu einem Königsangriff nutzen.} ({"Normal" war} 
19. Nh3 Rb6 $11) 19... Kxh7 20. f4 Bb7 21. f5 {Die Schwächung der weißen
Felder war ein Ziel der weißen Spielführung.} Qe8 {Schwarz muss schon
aufpassen.} (21... gxf5 $4 22. Rxf5 $18) (21... Rg8 $2 22. e5 Qf8 (22... gxf5
$2 23. Qxf5+ Kg7 24. Bxb7 Rxb7 25. exf6+ Kf8 26. Qh7 Rg4 27. Rce1 c4 28. Qe7+
Qxe7 29. dxe7+ Kg8 30. e8=Q+ $18) 23. fxg6+ Rxg6 24. Qxd7+ Qg7 25. Qh3+ Rh6 26.
Qf5+ Qg6 27. Bxb7 Qxf5 28. Rxf5 Rxb7 29. e6 $18) 22. e5 (22. Rce1 $5 Ba8 (22...
g5 23. e5 Kh6 (23... Bxg2 $2 24. exf6 $18) 24. Bxb7 Rxb7 25. exf6 Qh5 26. Qe4
Rbb8 27. g4 Qh4 28. Re3 Rxf6 29. Qg2 $18 {mit Damenfang.}) 23. e5 fxe5 24.
fxg6+ Qxg6 25. Qxd7+ Kg8 26. Rxf8+ Rxf8 27. Rf1 Rxf1+ 28. Bxf1 Qe4 29. Qe8+ Kg7
30. Qe7+ (30. d7 $4 Qe3#) 30... Kg6 31. Qe6+ Kh5 32. Qe8+ $11 {mit Dauerschach.
}) 22... Bxg2 23. Kxg2 fxe5 24. Rce1 gxf5 ({Auf} 24... Nb4 $1 {ist} 25. Rxe5 {
möglich, mit komplizierten Varianten:} (25. Qh4+ $5 Kg8 26. fxg6 Qxg6 27. Re4
{und nun schlägt Houdini folgende Zugfolge vor:} Rf4 $1 (27... Rxf1 28. Rg4
Rf6 29. Qh5 Qxg4 30. Qxg4+ Kf8 31. Qxd7 {ist nicht klar.}) 28. Rfxf4 exf4 29.
Re5 f3+ 30. Kxf3 Rf8+ 31. Kg2 Rf2+ 32. Kh3 (32. Kxf2 Nd3+) 32... Rf5 33. Qd8+
Kg7 34. Qxd7+ Rf7 35. Re7 Nd5 $19) 25... Qxe5 26. Qxg6+ Kh8 27. Rf4 Qb2+ 28.
Kh1 Qg7 29. Qh5+ Qh7 (29... Kg8 30. Rg4 Rf7 31. Rxg7+ Rxg7 32. f6 Rf7 33. Qh6
Rbf8 34. Qg5+ Kh8 35. Qxc5 Nc6 36. Qxb5 $11) 30. Qg5 Nd5 (30... Qg7 31. Qh5+ {
mit Remis.}) 31. Rh4 Nf6 32. Rxh7+ Nxh7 33. Qh5 c4 34. Qf3 Rbc8 35. Qc3+ Kg8
36. g4 a5 37. a3 Nf6 $19 {scheint zu gewinnen.}) 25. Rxf5 Rxf5 26. Qxf5+ Qg6
27. Qxd7+ Kg8 28. Rf1 (28. Rxe5 Qc2+ 29. Kf3 Rf8+ 30. Kg4 $11) 28... c4 ({Mit} 
28... Nb4 29. Qxa7 (29. Kg1 $5) 29... Nc6 30. Qxc5 Qe4+ 31. Kg1 Nd4 {konnte
Schwarz noch auf Gewinn spielen.} 32. d7 Nf3+ 33. Kf2 Ra8 34. a3 Nxh2) 29. h4
c3 30. h5 Qe4+ (30... Qxh5 $4 31. Qe6+ $18) 31. Kh3 {Weiß droht nun De6 und
d7 mit Gewinn.} Kh8 32. Qe6 Nc5 33. Qf6+ Kh7 34. Qf7+ Kh8 35. Qf6+ Kh7 36. Qe7+
Kh8 37. Qf6+ 1/2-1/2

[Event "Reykjavik"]
[Site "Reykjavik"]
[Date "1984.01.??"]
[Round "?"]
[White "Alburt, Lev O"]
[Black "De Firmian, Nick E"]
[Result "0-1"]
[WhiteElo "2515"]
[BlackElo "2515"]
[Annotator "Chekhov,V"]
[PlyCount "56"]
[EventDate "1984.01.??"]
[EventType "tourn"]
[EventRounds "11"]
[EventCountry "ISL"]
[EventCategory "8"]
[SourceTitle "MCL"]
[Source "ChessBase"]
[SourceDate "1999.07.01"]
[SourceVersion "1"]
[SourceVersionDate "1999.07.01"]
[SourceQuality "1"]

1. d4 Nf6 2. c4 e6 3. g3 c5 4. d5 exd5 5. cxd5 d6 6. Nc3 g6 7. Bf4 $6 (7. Bg2)
7... Bg7 (7... Nh5 $5 8. Be3 (8. Qa4+ Bd7 9. Qb3 Nxf4 10. Qxb7 Nh5 11. Qxa8 Qb6
{P g7,0-0, a6/}) 8... Bg7) 8. Qa4+ $6 (8. Nf3 $5 O-O 9. Bg2 a6 10. a4 Nh5 (
10... h6 $5) 11. Bg5 Qc7 12. O-O) 8... Bd7 9. Qb3 Qc7 10. Nf3 (10. Bxd6 $2 Qxd6
11. Qxb7 Qb6 12. Qxa8 Qxb2) 10... O-O 11. Nd2 (11. Bg2 $5 Nh5 12. Bd2 Re8 13.
O-O) 11... Nh5 12. Be3 f5 13. Nc4 Na6 $17 14. Bg2 (14. Nb5 $2 Bxb5 15. Qxb5 Nb4
{P d5, c2/}) 14... Rae8 15. Bf3 (15. O-O Bxc3 $1 16. Qxc3 (16. bxc3 f4 17. Bd2
b5 {P e2/}) 16... f4 (16... b5 17. Qa5 $1) 17. gxf4 Nxf4 $36) 15... f4 $1 16.
gxf4 (16. Bd2 $4 fxg3 17. hxg3 (17. Bxh5 gxf2+) 17... Rxf3 $19) 16... Nxf4 17.
O-O Bxc3 (17... Bh3 $5 18. Rfe1 Qe7 19. Kh1 Bxc3 20. Qxc3 Nxe2 $1 21. Bxe2 (21.
Rxe2 Rxf3) 21... Qe4+ 22. f3 Rxf3 23. Kg1 Rg3+) 18. Qxc3 Bh3 19. Rfe1 Qd8 $6 (
19... Qe7 $1 20. Bxf4 (20. Kh1 Nxe2 $1 $19) 20... Rxf4 $17) 20. Kh1 b5 21. Na5
Nc7 (21... b4 22. Qc4 Qxa5 23. Bxf4) 22. Qd2 Qh4 23. Nb7 (23. Nc6 Rf5 {P cd5/})
23... Re5 24. Nxd6 (24. Bxf4 Rxf4 25. Nxd6 Qf6 26. Nb7 Rxf3 $19) 24... Ncxd5
25. Bxc5 $6 (25. Bxf4 Nxf4 26. Ne4 {P g3/} Rxe4 (26... Bg2+ $1 27. Bxg2 Rh5 28.
h3 Nxg2) 27. Bxe4 Qxf2 28. Rg1) (25. Rg1) 25... Bg2+ 26. Bxg2 Rh5 27. h3 Nxg2 (
27... Nxh3 $19) 28. Qd3 Nge3 0-1

[Event "RUS-ch"]
[Site "Elista"]
[Date "1996.??.??"]
[Round "10"]
[White "Notkin, Maksim"]
[Black "Vasiukov, Evgeni"]
[Result "0-1"]
[WhiteElo "2515"]
[BlackElo "2505"]
[Annotator "Chekhov,V"]
[PlyCount "84"]
[EventDate "1996.10.15"]
[EventType "swiss"]
[EventRounds "11"]
[EventCountry "RUS"]
[SourceTitle "CBM 056"]
[Source "ChessBase"]
[SourceDate "1997.02.01"]
[SourceVersion "1"]
[SourceVersionDate "1997.02.01"]
[SourceQuality "1"]

1. d4 Nf6 2. c4 c5 3. d5 e6 4. Nc3 exd5 5. cxd5 Bd6 6. Nf3 O-O 7. Bg5 Bc7 $6 (
7... Re8 $5 8. e3 Bc7 (8... a6 9. Bd3 Bf8 10. a4 h6 11. Bh4 d6 12. Qc2 Nbd7 13.
O-O g6 14. a5 Bg7 15. h3 $14 {Zakharevich,I-Cherniaev,A/Arkhangelsk//1996/1|0/
25/}) 9. d6 Ba5 10. Bc4 Bxc3+ 11. bxc3 Nc6 12. O-O b6 13. Re1 h6 14. Bh4 Bb7
15. e4 g5 16. Nxg5 hxg5 17. Bxg5 Ne5 18. f4 Nxc4 19. e5 Re6 20. exf6 Qe8 $19 {
Matlak,M-Zaichik,G/Protvino/1988/0|1/29/}) 8. d6 Ba5 9. Rc1 $6 {N/} (9. e4 $5
Nc6 10. Bd3 c4 11. Bc2 Re8 12. O-O Bxc3 13. bxc3 Re6 14. Re1 Qa5 15. e5 Ng4 16.
Bf4 $16 {Ghinda-Biriescu,T/Predeal/1988/1|0/19/}) 9... Nc6 10. e3 Qb6 $5 11.
Bxf6 Qxb2 12. Rc2 Qa3 13. Nd2 gxf6 14. Qg4+ Kh8 15. Qf5 Rg8 (15... Bxc3 16. Bd3
Bxd2+ 17. Ke2 $18) 16. Qxf6+ Rg7 17. Nd5 (17. Nc4 Bxc3+ 18. Qxc3 Qxc3+ 19. Rxc3
b5 20. Nd2 c4 $13) (17. h4 Nb4 $19) 17... b5 18. h4 (18. Bxb5 Rb8 $36) (18. Nf4
Bd8 19. Qa1 Kg8 $13) 18... c4 19. h5 Bd8 $1 20. Qf4 (20. Ne7 Bxe7 (20... Nxe7
21. h6 Nf5 22. Qxf5 Rg6 23. Qd5 Rb8 24. Qxf7 $16) 21. dxe7 Qxe7 $19) (20. Qf5
Qxd6 $22 21. h6 Rg5 $19) 20... Bg5 21. Qf5 Qxd6 22. Ne4 Qe6 23. Qxe6 fxe6 24.
h6 (24. Ndc3 Rb8 $19) 24... Rg6 (24... Bxh6 $2 25. Nc7) 25. Nc7 Rb8 26. Nd6 a6
27. f4 (27. Nxc8 Rxc8 28. Nxa6 d5 $22 29. Rb2 b4 30. Nxb4 c3 31. Rb3 Nxb4 32.
Rxb4 c2 $19) 27... Be7 (27... Bxh6 28. g4 (28. Nf7+ Kg7 29. Nxh6 Rxh6 30. Ne8+
Kg6 31. Rxh6+ Kxh6 32. g4 Kg6 $19) 28... Bf8 $22 29. Nce8 Bb7 30. Rch2 h6 $19)
28. f5 Bxd6 (28... exf5 29. Nxf5 Bb4+ 30. Kd1 d5 $17) 29. fxg6 Bxc7 (29... hxg6
30. Ne8 Be5 31. Rf2 $13) 30. g7+ Kg8 31. Rh3 d5 32. Rf3 Bd7 33. Rcf2 Bd6 34.
Rf6 (34. Rf7 Ne5 $19) 34... Ne5 35. Be2 Be7 36. R6f4 b4 (36... Bg5 $4 37. Rf8+
$18) 37. Bh5 b3 (37... Nd3+ 38. Kd2 Nxf4 39. Rxf4 Be8 40. Bg4 Bf7 $19) 38. axb3
Nd3+ (38... cxb3 39. Bf7+ Nxf7 40. Rxf7 b2 41. Rxb2 Rxb2 42. Rxe7 Rb7 $19) 39.
Kd2 Nxf4 40. Rxf4 Be8 41. Bg4 (41. Bxe8 Rxe8 42. bxc4 Bg5 $19) 41... Bf7 42.
bxc4 Bg5 0-1

[Event "Espoo zt"]
[Site "Espoo"]
[Date "1989.??.??"]
[Round "?"]
[White "Agdestein, Simen"]
[Black "Petursson, Margeir"]
[Result "1-0"]
[WhiteElo "2605"]
[BlackElo "2590"]
[Annotator "ChessBase"]
[PlyCount "95"]
[EventDate "1989.07.??"]
[EventType "tourn"]
[EventRounds "13"]
[EventCountry "FIN"]
[EventCategory "11"]
[SourceTitle "CBM 014"]
[Source "ChessBase"]
[SourceDate "1990.02.01"]
[SourceVersion "1"]
[SourceVersionDate "1990.02.01"]
[SourceQuality "1"]

1. d4 Nf6 2. c4 e6 3. g3 c5 4. d5 exd5 5. cxd5 d6 6. Bg2 g6 7. e4 Bg7 8. Ne2
O-O 9. O-O Re8 10. Nec3 b5 $1 11. e5 $5 Rxe5 12. Nxb5 Qb6 $2 (12... Bg4 13. Qb3
(13. f3 Rxd5) 13... Be2 14. Bf4 (14. Re1 $2 Bc4 $1) 14... Bxf1 15. Kxf1 $15)
13. N1c3 Ba6 14. a4 Re8 15. Bf4 Bxb5 16. Nxb5 Rd8 17. b4 $1 Na6 (17... cxb4 18.
Rc1 Ne8 19. Re1 {/\ Rxe8}) 18. bxc5 Nxc5 19. Rb1 Nh5 20. Bd2 Rab8 21. Qc2 Qa6
22. Rb4 Rbc8 23. Rfb1 Nf6 24. Qd1 Nfd7 25. Bf1 Ne5 26. Be3 h5 27. Bh3 f5 28.
Bf1 Qa5 29. Bg5 Rd7 30. f3 a6 31. Nd4 Nf7 32. Nc6 Qc7 33. Bf4 Ne5 34. Rb6 Kh7
35. Bxa6 Ra8 36. Be2 Rxa4 37. Nxe5 dxe5 38. Be3 Ra3 39. Bf2 Na4 40. Rc6 Qa5 41.
Rb5 Qa8 42. Qc1 $1 Ra2 43. Rc8 Qa6 44. Rb2 Nxb2 45. Bxa6 Rxd5 46. Be2 e4 47.
Rc7 Nd3 48. Qc6 1-0

[Event "EU-Cup 34th"]
[Site "Porto Carras"]
[Date "2018.10.18"]
[Round "7.10"]
[White "Kjartansson, Gudmundur"]
[Black "Edouard, Romain"]
[Result "1/2-1/2"]
[WhiteElo "2428"]
[BlackElo "2646"]
[Annotator "Edouard,R"]
[PlyCount "80"]
[EventDate "2018.10.12"]
[EventType "team-swiss"]
[EventRounds "7"]
[EventCountry "GRE"]
[SourceTitle "CBM 187"]
[Source "ChessBase"]
[SourceDate "2018.12.11"]
[SourceVersion "1"]
[SourceVersionDate "2018.12.11"]
[SourceQuality "1"]
[WhiteTeam "Reykjavik"]
[BlackTeam "KGSRL"]
[WhiteTeamCountry "ISL"]
[BlackTeamCountry "BEL"]

1. d4 Nf6 2. c4 e6 3. Nf3 c5 4. d5 exd5 5. cxd5 g6 6. Nc3 Bg7 7. Bf4 O-O $5 {
A very interesting concept against the Bf4 system.} 8. e3 (8. Bd6 {is
definitely critical, but leads to unclear positions. Some examples:} Qb6 9.
Bxf8 Qxb2 10. Rc1 (10. Bxg7 Qxc3+ 11. Nd2 Kxg7 12. g3 d6 13. Bg2 b5 14. O-O
Nbd7 $44 {0-1 (49) Graf,F (2367)-Lupulescu,C (2648) Gibraltar 2012}) 10... Kxf8
11. Nd2 (11. e4 Ne8 $5 12. Qd2 Qxd2+ 13. Nxd2 d6 $13) (11. Qd2 Qxd2+ 12. Nxd2
d6 13. e4 Nbd7 14. Be2 Ne8 $13) 11... d6 12. e4 (12. Nc4 Qb4 13. Qb3 Na6 $13) (
12. e3 Ne8 13. Rc2 Qb4 14. Qc1 Nd7 $13) (12. Rc2 Qb4 13. a3 $5 Qf4 $5 14. e3
Qe5 15. Be2 Bf5 $13) 12... Ne8 $5 (12... a6 $4 13. Nc4 $18) 13. Rc2 (13. Qc2 $6
Qxc2 14. Rxc2 a6 15. a4 b5 $40) 13... Qa3 $5 14. Qc1 (14. Qf3 a6 15. Nc4 Qb4
16. Qe3 Nd7 $13) 14... Qxc1+ 15. Rxc1 a6 16. Nc4 (16. a4 b5 $44) 16... Nd7 17.
a4 b5 $44) 8... d6 9. h3 Na6 $5 {A possibility Black normally doesn't have, as
the moves ...a6 and a4 are included.} ({Starting with} 9... Re8 {made sense.})
10. Bxa6 $5 (10. Be2 Nc7 11. O-O Re8 {and the knight on c7 is very annoying:
White cannot play the natural move Nd2.}) 10... bxa6 11. Nd2 a5 $5 12. O-O (12.
Nc4 $2 Ba6 $1 13. Nxd6 Rb8 {would be terrible for White.}) 12... Ba6 13. Re1
Rb8 14. Qc2 Nh5 (14... Re8 $13) 15. Bh2 f5 16. g4 $4 {Unbelievable! Any normal
move who lead to dangerous positions for both sides.} fxg4 17. hxg4 Qh4 18. f3
Nf6 $5 (18... Rxf3 19. Nxf3 Qxg4+ 20. Qg2 Qxg2+ 21. Kxg2 Rxb2+ 22. Kg1 Bxc3 {
was also great for Black, but I considered my move even stronger.}) (18... Be5
$1 {was winning at once, but wasn't easy:} 19. Bxe5 dxe5 20. Nde4 $8 (20. gxh5
$2 Qg3+ 21. Kh1 Rf5 $19) 20... Rxf3 21. Qg2 (21. gxh5 Rh3 22. Qg2 Rxb2 $1 $19)
21... Rh3 $1 $19) 19. Kg2 $8 (19. Bxd6 Nxg4 $19) 19... Nxd5 $1 20. Bxd6 (20.
Nxd5 Rxb2 21. Qd1 Rxf3 $1 $19) 20... Rxb2 $2 {Unnecessary.} (20... Nb4 21. Qb3+
c4 22. Qd1 (22. Nxc4 Nd3 $19) 22... Nd3 $19) 21. Qxb2 Bxc3 22. Qc1 (22. Qb3 $1
c4 23. Qd1 {was a better defence.}) 22... h5 $2 {Collapsing, not seeing
anything concrete.} ({The engine comes up with the amazing idea} 22... Re8 $1
23. e4 Re5 $3 24. exd5 $8 Bf1+ $3 25. Nxf1 $8 Rxe1 {but even then after} 26.
Qc2 $8 (26. Qxc3 $2 Re2+ $19) 26... Rxa1 27. Qb3 {White has chances.}) 23. Qc2
Kf7 $4 (23... Qg5 $8 {was still unclear.} 24. a4) 24. Qe4 Qg5 25. Bxf8 Kxf8 26.
Rad1 (26. Rab1 $1 Bxd2 27. Rb8+ Kg7 28. Qe8 {was winning.}) 26... Bb7 27. Kf1
$2 (27. Kg1 $1 $16) 27... Qh4 28. gxh5 $4 (28. Qxg6 $11) 28... Qh1+ 29. Kf2 (
29. Ke2 Qh2+ 30. Kd3 Nb4+ $19) 29... Qh2+ 30. Kf1 {Now pick up your win.} Bxd2
$4 {I considered this to be game over, and didn't look for anything better.} ({
If you want to ask me why I didn't play} 30... Bc8 {as did approximately
everyone around right after the game, please restrain yourself!}) 31. Rxd2 $2 (
31. Qxg6 $1 {is a draw according to the engine!}) 31... Qh1+ (31... Ba6+ $1 32.
Rd3 (32. Ree2 $2 Bxe2+ 33. Rxe2 Qxe2+ 34. Kxe2 Nc3+ 35. Kd3 Nxe4 36. Kxe4 gxh5
$19) 32... Qd2 33. Qh4 $8 Bxd3+ 34. Kg1 {with some cheances for White, but
Black should be winning.} {Houdini 4 Pro x64B:} g5 35. Qf2 Qxf2+ 36. Kxf2 c4 {
should be an easy win.}) 32. Kf2 Qh2+ 33. Kf1 {Repeating moves to give me time
to calculate ...Ba6+, as I had seen the arising pawn ending after Re2 was lost
for White. But even an extra minute didn't give me time to figure out the Re2 .
..Qd2 idea.} Qxd2 $2 34. Qe6 $8 {Woops! Preventing ...Ba6+, and the position
is a draw.} Nc7 35. Qf6+ Ke8 36. Qxg6+ Kd8 37. Qf6+ Kc8 38. Qf5+ Kd8 39. Qf6+
Kd7 40. Qf5+ Kd8 1/2-1/2

[Event "RUS-chT 11th"]
[Site "Sochi"]
[Date "2004.04.27"]
[Round "8.1"]
[White "Lastin, Alexander"]
[Black "Gelfand, Boris"]
[Result "0-1"]
[WhiteElo "2622"]
[BlackElo "2714"]
[Annotator "Ftacnik,L"]
[PlyCount "72"]
[EventDate "2004.04.20"]
[EventType "team-tourn"]
[EventRounds "9"]
[EventCountry "RUS"]
[SourceTitle "EXT 2020"]
[Source "ChessBase"]
[SourceDate "2019.10.17"]
[SourceVersion "1"]
[SourceVersionDate "2019.10.17"]
[SourceQuality "1"]
[WhiteTeam "Nizhny Tagil Politekhnik"]
[BlackTeam "Samara Termosteps"]
[WhiteTeamCountry "RUS"]
[BlackTeamCountry "RUS"]

1. d4 Nf6 2. c4 e6 3. g3 c5 4. d5 exd5 5. cxd5 b5 6. Bg2 d6 7. e4 Nbd7 8. f4 g6
9. Nh3 {The knight tries to reach the square f2 via h3 in order to protect
central e4 pawn.} Bg7 10. O-O O-O 11. Nf2 Nb6 12. Re1 Re8 (12... Rb8 13. Nc3 b4
14. Nb5 Qd7 15. Nxd6 Qxd6 16. e5 Qd8 17. exf6 Qxf6 18. Be3 Qxb2 19. Rb1 Qxa2
20. Bxc5 Na4 21. Bxf8 Kxf8 22. d6 {Milton,K-Rowson,J/World op/2002/ 1-0 (36)})
13. Na3 Ba6 14. Nc2 (14. Bf1 $5 c4 15. Qd2 Nbd7 16. Bg2 Qb6 $11) 14... Nfd7 15.
Rb1 Na4 16. Ne3 (16. Qf3 Bc8 (16... b4 17. a3 $11) 17. Nd1 $13) 16... Rc8 17.
Qc2 c4 $1 {It becomes obvious, that Gelfand is making inroads on the queenside,
while the opponent struggles to make any progress on the other half of the
board.} 18. Nf1 (18. Ned1 Qa5 19. Bd2 b4 20. a3 b3 21. Qc1 Qb6 $15) 18... Ndc5
19. a3 (19. Bh3 Rc7 20. Bd2 Nxb2 21. Rxb2 c3 22. Bxc3 Na4 $17) 19... Nb3 20.
Be3 (20. Ne3 Qa5 21. Rf1 f5 22. Ned1 Nac5 23. exf5 Nd4 $17) 20... Qa5 21. Bh3 (
21. Nd2 Nxd2 22. Bxd2 c3 23. bxc3 Nxc3 24. Qb3 Bd4 $17) 21... Bxb2 $1 {[%mdl
1024] The concentration of black's forces was already calling for the tactical
solution, exchange sacrifice is very unpleasant.} 22. Bxc8 Bxc8 23. f5 (23.
Rxb2 Qxe1 24. Rb1 Qc3 $19) 23... Bg7 (23... Nd4 24. Bxd4 (24. Qd1 Qxe1 25. Qxe1
Nf3+ 26. Kg2 Nxe1+ 27. Rxe1 gxf5 $19) 24... Bxd4 25. fxg6 fxg6 26. Ne3 Nc3 $17)
24. Nd2 Nac5 25. Nf3 (25. fxg6 fxg6 26. Rf1 Nd4 $15) 25... Qc3 26. Qd1 (26.
Qxc3 Bxc3 27. fxg6 hxg6 28. Re2 a6 29. Bxc5 Nxc5 30. Rc1 Na4 $15) 26... gxf5
27. Bxc5 (27. Ng5 h6 28. Bxc5 Nxc5 29. exf5 Qxe1+ 30. Qxe1 Rxe1+ 31. Rxe1 hxg5
32. Re8+ Kh7 33. Rxc8 c3 $19) 27... Nxc5 28. exf5 Rxe1+ 29. Nxe1 {Not even a
queen exchange could help Lastin to cope with the activity of black's pieces
and the potential of the passed "c" pawn.} (29. Qxe1 Qxe1+ 30. Rxe1 Kf8 31. g4
h5 32. h3 a6 $17) 29... Bxf5 30. Rxb5 (30. Rc1 Qxa3 31. Nc2 Qb3 $19) 30... Bd4
$1 31. Nf3 (31. Rb8+ Kg7 32. Re8 Ne4 33. Rxe4 Bxe4 34. Qg4+ Bg6 $19) (31. Kf1
Bxf2 32. Kxf2 Ne4+ 33. Kg2 Bh3+ $1 34. Kg1 Qe3+ $19) 31... Bxf2+ 32. Kxf2 Nd3+
33. Kg1 (33. Kf1 Qf6 34. Rb8+ Kg7 35. Re8 Bg4 36. Kg2 Bxf3+ 37. Qxf3 Qxf3+ 38.
Kxf3 c3 39. Rc8 c2 $19) 33... Be4 {Black is using a very efficient method in
attack- maximal activization of his forces.} 34. Rb1 (34. Rb8+ Kg7 35. Re8 Bxd5
36. Re3 Qb2 37. Qf1 Qxa3 $17) (34. Qe2 Bxf3 35. Qxf3 Qd4+ 36. Kf1 Qa1+ 37. Kg2
Ne1+ $19) 34... Qf6 35. Qd2 (35. Kg2 Ne5 36. Rb8+ Kg7 $19) 35... Bxf3 36. Qe3
Bxd5 0-1